Sagazorro / (Registro nro. 30635)

Detalles MARC
000 -LEADER
fixed length control field 00387nam a22001337a 4500
008 - FIXED-LENGTH DATA ELEMENTS--GENERAL INFORMATION
fixed length control field 240220b |||||||| |||| 00| 0 eng d
020 ## - INTERNATIONAL STANDARD BOOK NUMBER
International Standard Book Number 9786075270845
082 ## - DEWEY DECIMAL CLASSIFICATION NUMBER
Classification number C
Item number BOLS
100 ## - MAIN ENTRY--PERSONAL NAME
Personal name Boldt, Claudia
Relator term autor
9 (RLIN) 42286
245 ## - TITLE STATEMENT
Title Sagazorro /
Statement of responsibility, etc. Claudia Boldt
260 ## - PUBLICATION, DISTRIBUTION, ETC.
Place of publication, distribution, etc. Barcelona:
Name of publisher, distributor, etc. Editorial oceano,
Date of publication, distribution, etc. 2017
300 ## - PHYSICAL DESCRIPTION
Extent 16 páginas:
Other physical details Ilustraciones a color,
Dimensions 23 cm.
942 ## - ADDED ENTRY ELEMENTS (KOHA)
Source of classification or shelving scheme Dewey Decimal Classification
Existencias
Withdrawn status Lost status Source of classification or shelving scheme Damaged status Not for loan Home library Current library Shelving location Date acquired Total Checkouts Full call number Barcode Date last seen Copy number Price effective from Koha item type Public note
    Dewey Decimal Classification Damaged   Biblored Biblioteca Pública José María del Castillo y Rada Children's Area 02/16/2024   C BOLS 35714005660885   Ej. 1 02/20/2024 Books Material interbibliotecario Bibliored